000 00347nam a2200145Ia 4500
008 230917s9999||||xx |||||||||||||| ||und||
040 _e179241
_aMAIN
041 _aEnglish
082 _a338.4791 A57D
100 _aAmit Kumar
245 0 _aDivorce tourism
260 _aNew Delhi
_bSonali Publications
_c2010
300 _a330 p.
942 _cBK
999 _c164462
_d164462